Świe̜ty Stanisław, biskup i me̜czennik

Titel: Świe̜ty Stanisław, biskup i me̜czennik : sprawa Św. Stanisława ; biografia, legenda, kult - ikonografia - polemika z Gerardem Labuda̜ / Bolesław Przybyszewski i współautorzy. Wste̜p: Janusz Bielański. Red.: Inga Platowska-Sapetowa
Verfasser:
Beteiligt:
Veröffentlicht: Rzeszów ˜[u.a.]œ : Wydawn. De Arte, 2005
Umfang: 702 S. : Ill.
Format: Buch
Sprache: Polnisch
Schlagworte:
ISBN: 8390140504
Kein Bild verfügbar
X
Lokale Klassifikation: 2 S 636 ; 32 11 A ; 37 11 A
alg: 18846779
001A    $03004:05-07-07 
001B    $03025:28-11-25 $t12:52:35.000 
001C    $03004:26-07-07 $t14:32:46.000 
001D    $03004:26-07-07 
001U    $0utf8 
001X    $00 
002@    $0Aau 
003@    $0188467793 
003O    $0163595617 $aOCoLC 
004D    $083-901405-04 
007A    $0188467793 $aHEB 
007G    $0DE020243409C0D5B7BE6AC1257BAB003B932C 
007T    $0Herdhh188467793 
009P    $qapplication/pdf $A2 $3Inhaltsverzeichnis $uhttp://scans.hebis.de/HEBCGI/show.pl?18846779_toc.pdf $mV:DE-603;B:DE-Mb50 
010@    $apol 
011@    $a2005 
021A    $aŚwie̜ty Stanisław, biskup i me̜czennik $dsprawa Św. Stanisława ; biografia, legenda, kult - ikonografia - polemika z Gerardem Labuda̜ $hBolesław Przybyszewski i współautorzy. Wste̜p: Janusz Bielański. Red.: Inga Platowska-Sapetowa 
028A    $7 $8Przybyszewski, Bolesław [Tnd] $9138818436 
028C    $BVorw. $7 $8Bielański, Janusz [Tnu] $9188901809 
033A    $pRzeszów {[u.a.] $nWydawn. De Arte 
034D    $a702 S. 
034M    $aIll. 
044K    $#Stanisław  $#Stanislaus  $#Stanislaus  $#Stanislas  $#Stanislaus  $#Stanislas  $#Stanisław  $#Stanisław  $#Stanislaus  $#Stanisław  $7118901664 $8$PStanislaus$lSzczepanowski$Z1030-1079 [Tp1] $9087242060 
045F    $a200.9438 $eDDC23BSB 
045F/01 $a200.9 
045F/03 $g438 
045F/03 $g4386 
046M    $aLiteraturang. 
046M    $aMit Zsfassungen in engl. Sprache 

lok: 18846779 24
101B    $001-08-07 $t07:59:08.000 
101C    $001-08-07 
101U    $0utf8 
145Z/01 $a2 S 636 
145Z/02 $a32 11 A 
145Z/03 $a37 11 A 

exp: 18846779 24 1 #EPN
201B/01 $001-08-07 $t07:59:08.000 
201C/01 $005-07-07 
201U/01 $0utf8 
203@/01 $0506143643 
208@/01 $a01-08-07 $bz 
209A/01 $a07.3913 $du $f050 $h07 3913 $x00 
209C/01 $a07.3913 K $h07 3913 K 
209G/01 $a71872696 $x00 
220C/01 $agro 
247C/01 $8358050-7 Marburg, Bibliothek des Herder-Instituts Marburg $9102600961 

lok: 18846779 78

exp: 18846779 78 1 #EPN
201B/01 $029-01-20 $t22:42:37.000 
201U/01 $0utf8 
203@/01 $0793353947 
208@/01 $a12-11-16 $be 
209A/01 $a/ $f000 $x00 
237A/01 $aweiterführende Signatur(en): Herder-Institut: 07.3913 
244Z/01 $2Trx $#Poola $#Lenkija $#Polija $#Polen Land $#Poland $#Lengyelország $#Poľsko $#Polsko $8--Trx--Polska$gkraj $x01 $9391345966 
244Z/01 $#Stanisław  $#Stanislaus  $#Stanislaus  $#Stanislas  $#Stanislaus  $#Stanislas  $#Stanisław  $#Stanisław  $#Stanislaus  $#Stanisław  $7118901664 $8--Tp1--$PStanislaus$lSzczepanowski$Z1030-1079 $x02 $9087242060 
244Z/01 $2Trx $8--Trx--Monographie $x03 $9391384546 
245Z/01 $a10.01 $x01 
247C/01 $82080>Marburg/Lahn, Herder-Institut, Forschungsbibliothek, Bibliographieportal $9336309341
LEADER 00000cam a2200000 c 4500
001 188467793
003 DE-603
005 20251128125235.0
007 tu
008 070705s2005 xx |||| | u00||u|pol c
020 |z 8390140504 
035 |a (DE-599)HEB188467793 
035 |a (OCoLC)163595617 
040 |a DE-603  |b ger  |c DE-603  |d DE-603 
041 |a pol 
082 0 4 |8 1\u  |a 200.9438  |q DE-101  |2 23/BSB 
085 |8 1\u  |b 200.9 
085 |8 1\u  |z 2  |s 438 
085 |8 1\u  |z 2  |s 4386 
100 1 |a Przybyszewski, Bolesław  |0 (DE-603)138818436 
245 0 0 |a Świe̜ty Stanisław, biskup i me̜czennik  |b sprawa Św. Stanisława ; biografia, legenda, kult - ikonografia - polemika z Gerardem Labuda̜  |c Bolesław Przybyszewski i współautorzy. Wste̜p: Janusz Bielański. Red.: Inga Platowska-Sapetowa 
264 1 |a Rzeszów ˜[u.a.]œ  |b Wydawn. De Arte  |c 2005 
300 |a 702 S.  |b Ill. 
500 |a Mit Zsfassungen in engl. Sprache 
504 |a Literaturang. 
600 0 7 |a Stanislaus  |c Szczepanowski  |d 1030-1079  |0 (DE-588)118901664  |0 (DE-603)087242060  |2 gnd 
700 1 |a Bielański, Janusz  |e Vorw.  |4 oth  |0 (DE-603)188901809 
856 4 2 |m V:DE-603;B:DE-Mb50  |q application/pdf  |u http://scans.hebis.de/HEBCGI/show.pl?18846779_toc.pdf  |3 Inhaltsverzeichnis 
924 0 |9 Mb 50  |a (DE-603)506143643  |b DE-Mb50  |c HES  |d c  |g 07.3913 
924 0 |9 2080  |a (DE-603)793353947  |b DE-2080  |c HES  |d d  |g /